| 000 | 00000nam##2200000za#4500 |
| 001 | 9.648093 |
| 003 | CaOODSP |
| 005 | 20200330091725 |
| 007 | ta |
| 008 | 150407|2001||||xxc||||| f|0| 0 eng|d |
| 020 | |a0-662-30114-5 |
| 040 | |aCaOODSP|beng |
| 043 | |an-cn--- |
| 086 | 1 |aE2-233/1999E |
| 110 | 1 |aCanada.|bForeign Affairs and International Trade. |bCanadian Centre for Foreign Policy Development. |
| 245 | 10|aConflict prevention and preventative diplomacy : |bthe G-8 Roundtable report / |cby Marketa Geislerova. |
| 260 | |aOttawa - Ontario : |bForeign Affairs and International Trade. |c2001. |
| 300 | |a5p. ; |c28 cm. |
| 563 | |aSoftcover |
| 590 | |a01-48|b2001-11-30 |
| 690 | 07|aForeign policy|2gcpds |
| 690 | 07|aConflicts|2gcpds |
| 720 | 1 |aGeislerova, Marketa |
| 776 | 0#|tReport from the Roundtable on Conflict Prevention and Preventive Diplomacy, 19 October 1999 (Toronto) |w(CaOODSP)9.686029 |
| 986 | |a1004.4E |